000 00283nam a2200109Ia 4500
008 190216s9999||||xx |||||||||||||| ||und||
100 _aOlappamanna
245 0 _aChavuttukuzhacha Mannu
260 _bSahithya Pravarthaka Sahakarana Sangam
650 _aMalayalam Nadakam
942 _cBK
999 _c24530
_d24530